|
|
|
|
| LEADER |
00000nam0a2200000 4500 |
| 001 |
50377 |
| 005 |
20231031032949.0 |
| 010 |
|
|
|a 5935360012
|
| 035 |
|
|
|a (RuTPU)RU\TPU\book\52757
|
| 090 |
|
|
|a 50377
|
| 100 |
|
|
|a 20030415d2001 km y0rusy50 ca
|
| 101 |
1 |
|
|a rus
|
| 102 |
|
|
|a RU
|
| 105 |
|
|
|a abсfz 001zy
|
| 200 |
1 |
|
|a Добыча
|a Всемирная история борьбы за нефть, деньги и власть
|e пер. с англ.
|f Д. Ергин
|
| 210 |
|
|
|a Москва
|c ДеНово
|d 2001
|
| 215 |
|
|
|a 888 с.
|c ил.
|
| 320 |
|
|
|a Библиогр.: с. 859-883.
|
| 610 |
1 |
|
|a нефтяная промышленность
|
| 610 |
1 |
|
|a нефть
|
| 610 |
1 |
|
|a мировая экономика
|
| 610 |
1 |
|
|a добыча
|
| 610 |
1 |
|
|a история
|
| 610 |
1 |
|
|a 19 век
|
| 610 |
1 |
|
|a 20 век
|
| 610 |
1 |
|
|a Америка
|
| 610 |
1 |
|
|a Россия
|
| 610 |
1 |
|
|a Персия
|
| 610 |
1 |
|
|a Ближний Восток
|
| 610 |
1 |
|
|a Япония
|
| 610 |
1 |
|
|a Германия
|
| 610 |
1 |
|
|a Иран
|
| 610 |
1 |
|
|a Суэцкий кризис
|
| 675 |
|
|
|a 622.323(09)
|v 3
|
| 686 |
|
|
|a У530
|v LBC/SL-A
|2 rubbk
|
| 700 |
|
1 |
|a Ергин
|b Д.
|g Дэниел
|
| 801 |
|
1 |
|a RU
|b 63413507
|c 20030415
|g PSBO
|
| 801 |
|
2 |
|a RU
|b 63413507
|c 20031002
|g PSBO
|
| 942 |
|
|
|c BK
|